| 000 | 00000cam 2200000zi 4500 |
| 001 | 9.961221 |
| 003 | CaOODSP |
| 005 | 20260511145836 |
| 006 | m o d f |
| 007 | cr cn |||||||| |
| 008 | 260323e202604##onc o f000 0 eng d |
| 020 | |a9780660991566 |
| 040 | |aCaOODSP|beng|erda|cCaOODSP |
| 043 | |an-cn--- |
| 086 | 1 |aH164-421/4-2026E-PDF |
| 245 | 00|aNatural health products good manufacturing practices pre-inspection package : |bchecklist for importers / |cRegulatory Operations and Enforcement. |
| 264 | 1|aOttawa, ON : |bHealth Canada = Santé Canada, |cApril 2026. |
| 264 | 4|c©2026 |
| 300 | |a1 online resource (10 pages) |
| 336 | |atext|btxt|2rdacontent |
| 337 | |acomputer|bc|2rdamedia |
| 338 | |aonline resource|bcr|2rdacarrier |
| 500 | |aCover title. |
| 500 | |a"Unclassified." |
| 500 | |aIssued also in French under title: Trousse de préinspection des bonnes pratiques de fabrication des produits de santé naturels : liste de vérification pour les importateurs. |
| 520 | |a"This natural health products (NHP) good manufacturing practices (GMP) pre-inspection package is for anyone who conducts licensable activities involving NHPs. This includes: manufacturers, packagers, labellers, importers"--Provided by publisher. |
| 650 | 5|aNatural health products|xSafety regulations|zCanada. |
| 650 | 0|aNatural health products|xInspection|zCanada. |
| 710 | 1 |aCanada.|bHealth Canada. |bRegulatory Operations and Enforcement Branch, |eissuing body. |
| 775 | 08|tTrousse de préinspection des bonnes pratiques de fabrication des produits de santé naturels : |w(CaOODSP)9.961220 |
| 856 | 40|qPDF|s606 KB|uhttps://publications.gc.ca/collections/collection_2026/sc-hc/H164-421-4-2026-eng.pdf |
| 856 | 4 |qHTML|sN/A|uhttps://www.canada.ca/en/health-canada/services/drugs-health-products/compliance-enforcement/good-manufacturing-practices/guidance-documents/natural-health-products-good-manufacturing-practices-pre-inspection-package/checklist-importers.html |